Kuponová privatizace a její vlivy na správu a financování českých akciových společností
Saved in:
| Main Author: | |
|---|---|
| Format: | Book |
| Language: | Czech |
| Published: |
Praha
Univerzita Karlova v Praze. Nakladatelství Karolinum
2005
|
| Subjects: | |
| Tags: |
No Tags, Be the first to tag this record!
|
MARC
| LEADER | 00000nam$a2200000$$$4500 | ||
|---|---|---|---|
| 001 | 0054497 | ||
| 005 | 20221129082736.7 | ||
| 020 | |a 80-246-1012-4 | ||
| 041 | 0 | |a cze | |
| 044 | |a CZ | ||
| 245 | 1 | 0 | |a Kuponová privatizace a její vlivy na správu a financování českých akciových společností |c Tomáš Richter |
| 264 | 1 | |a Praha |b Univerzita Karlova v Praze. Nakladatelství Karolinum |c 2005 | |
| 300 | |a 132 s. | ||
| 610 | 2 | 0 | |a privatizácia kupónová |
| 610 | 2 | 0 | |a spoločnosti akciové |
| 610 | 2 | 0 | |a akcie |
| 610 | 2 | 0 | |a akcionári |
| 610 | 2 | 0 | |a privatizácia |
| 610 | 2 | 0 | |a reformy hospodárske |
| 610 | 2 | 0 | |a Česko |
| 100 | 1 | |a Richter, Tomáš | |